000 00817nam a2200241Ia 4500
003 OSt
005 20220926022502.0
006 a|||||r|||| 00| 0
007 ta
008 220923b |||||||| |||| 00| 0 eng d
037 _cGeneral Book
040 _aRTL
_cRTL
_beng
041 _2eng
_aeng
082 _aV1N45,933:8.N72, L4
110 _aUnited Nations. General Assembly, Ifficial Records, 27th Session. General Committee
_9327872
245 0 _aSummary records of meetings, 20.9.72 to 20.10.72
260 _aNew York
_bUnited Nations U. S. A.
_c1974
300 _av, 41p.
_ccm.
650 _aHistory
700 _aUnited Nations. General Assembly, Ifficial Records, 27th Session. General Committee
_9327873
942 _hV1N45,933:8.N72, L4
_cGB
_2CC
999 _c639587
_d639587